Il terremoto sentito in Lombardia nel 12 settembre 1884 / (Record no. 159462)
[ view plain ]
| 000 -LEADER | |
|---|---|
| campo de control de longitud fija | 00875nam a22002175i 4500 |
| 001 - NÚMERO DE CONTROL | |
| campo de control | 159462 |
| 003 - IDENTIFICADOR DE NÚMERO DE CONTROL | |
| campo de control | ES-MaACL |
| 005 - FECHA Y HORA DE LA ÚLTIMA TRANSACCIÓN | |
| campo de control | 20250726063042.0 |
| 008 - DATOS DE LONGITUD FIJA--INFORMACIÓN GENERAL | |
| campo de control de longitud fija | 040913s1885 it |||| | ita d |
| 080 ## - NÚMERO DE LA CLASIFICACIÓN DECIMAL UNIVERSAL | |
| Número de la Clasificación Decimal Universal | 550.348.436(450) |
| 100 1# - ENTRADA PRINCIPAL--NOMBRE DE PERSONA | |
| Nombre de persona | Mercalli, Giuseppe, |
| Fechas asociadas al nombre | 1850-1914 |
| Término indicativo de función/relación | Autor |
| 9 (RLIN) | 129847 |
| 245 13 - MENCIÓN DEL TÍTULO | |
| Título | Il terremoto sentito in Lombardia nel 12 settembre 1884 / |
| Mención de responsabilidad, etc. | nota del prof. Giuseppe Mercalli. |
| 260 ## - PUBLICACIÓN, DISTRIBUCIÓN, ETC. | |
| Lugar de publicación, distribución, etc. | Milano : |
| Nombre del editor, distribuidor, etc. | [s.n.], |
| Fecha de publicación, distribución, etc. | 1885 |
| Fabricante | (Tip. Bernardoni di C. Rebeschini e C.) |
| 300 ## - DESCRIPCIÓN FÍSICA | |
| Extensión | 7, [1] páginas ; |
| Dimensiones | 23 cm. |
| 594 ## - Nota al título y mención de responsabilidad | |
| Nota al título y mención de responsabilidad | Tít. y autor tomados de principio de texto |
| 650 #4 - PUNTO DE ACCESO ADICIONAL DE MATERIA--TÉRMINO DE MATERIA | |
| Término de materia o nombre geográfico como elemento de entrada | Terremotos- |
| Subdivisión geográfica | Italia. |
| 9 (RLIN) | 136926 |
| 852 ## - LOCALIZACIÓN | |
| Ubicación | ES-MaACL |
| Ubicación en estantería | Depósito folletos |
| Donativo/Legado | Legado de Federico de Botella y de Hornos |
| Número de control de estantería | T-899-F-17 |
| Encuadernación | Enc. en un vol. facticio |
| -- | Holandesa, falto de cub. original |
| 942 ## - ELEMENTOS DE ENTRADA SECUNDARIOS (KOHA) | |
| Fuente del sistema de clasificación o colocación | Clasificación decimal universal |
| Tipo de ítem Koha | Folleto |
| Suprimir en OPAC | No |
| Estatus retirado | Estado de pérdida | Fuente del sistema de clasificación o colocación | Estado de daño | No para préstamo | Colección | Biblioteca de origen | Biblioteca actual | Ubicación en estantería | Fecha de adquisición | Fuente de adquisición | Total de préstamos | Signatura topográfica completa | Código de barras | Visto por última vez | Tipo de ítem Koha |
|---|---|---|---|---|---|---|---|---|---|---|---|---|---|---|---|
| Clasificación decimal universal | Colección de folletos | Biblioteca del Ateneo de Madrid | Biblioteca del Ateneo de Madrid | Depósito folletos | 17/01/2008 | Legado | T-899-F-17 | 1166936 | 23/02/2023 | Folleto |
